000 00714nam a2200241 a 4500
001 41755
003 BD-RjUL
005 20211209053438.0
008 160605s1933 enk 000 0 eng
035 _a(BD-RjUL)41873
040 _aDLC
_cCarP
_dDLC
_dBD-RjUL
_beng
041 _aeng
082 _223
_a305.5122
_bPAC 1933
100 1 _aPanikkar, K. M. (Kavalam Madhava)
_9128270
245 1 0 _aCaste and democracy /
_cPanikkar, K. M. (Kavalam Madhava)
260 _aLondon :
_bLeonard and Virginia Woolf
_c1933.
300 _a39 p. ;
_c18 cm.
650 0 _aCaste
_zIndia.
_9128271
650 0 _aDemocracy.
_9128272
651 0 _aIndia
_xSocial conditions.
_9128273
942 _2ddc
_cRAR
999 _c41755
_d41755